000 00393nam a2200145Ia 4500
008 230711s9999||||xx |||||||||||||| ||und||
041 _aENG
082 _a628
_bHL-M
100 _aH.L Golterman
245 0 _aMethods for physical and chemical analysis of fresh water
250 _a1st
260 _c1978
_aNew York
_bBlackwell Scientific Publications
650 _aCivil Engineering
942 _cBK
999 _c838
_d838